| 000 | 00795nam a2200217Ia 4500 | ||
|---|---|---|---|
| 003 | GCL | ||
| 005 | 20240530110020.0 | ||
| 008 | 140319s9999 xx 000 0 ara d | ||
| 040 |
_aGCL / _cGCL |
||
| 082 | 0 | 4 |
_aق/610.9/ _bج ط |
| 100 | 0 | _a جبار، يوليوس | |
| 245 | 1 | 0 |
_aالطب والتحنيط فى عهد الفراعنة / _cالطب يوليوس جبار ؛ التحنيط لويس ريتر ؛ تعريب انطوان زكرى |
| 260 |
_aالقاهرة : _bمكتبة مدبولى ، _c1993 |
||
| 300 |
_a207 ص : _bصور ؛ _c24 سم. |
||
| 650 | 0 | 4 | _aمصر القديمة |
| 650 | 0 | 4 | _aالحضارة الفرعونية |
| 650 | 0 | 4 | _aالطب - تاريخ |
| 700 | 1 |
_aريتر، لويس _eمحنط |
|
| 700 | 0 |
_aانطوان زكرى _eمترجم |
|
| 942 |
_2ddc _cBK |
||
| 999 |
_c58018 _d58018 |
||